[Event "TUN-chTB"]
[Site "Hammamet"]
[Date "2019.03.16"]
[Round "7.2"]
[White "Gaamour, Nabil"]
[Black "Hizi, Faleh"]
[Result "0-1"]
[WhiteElo "1910"]
[BlackElo "1859"]
[PlyCount "50"]
[EventDate "2019.02.09"]
[EventType "team-tourn"]
[EventRounds "11"]
[EventCountry "TUN"]
[SourceTitle "EXT 2021"]
[Source "ChessBase"]
[SourceDate "2020.10.23"]
[SourceVersion "1"]
[SourceVersionDate "2020.10.23"]
[SourceQuality "1"]

1. d4 d5 2. c4 e6 3. Nc3 Nf6 4. Bg5 Nbd7 5. e3 Be7 6. Nf3 a6 7. a3 c5 8. dxc5 Nxc5 9. Qc2 Bd7 10. Bxf6 Bxf6 11. cxd5 Rc8 12. Be2 Na4 13. 0-0 Nxc3 14. bxc3 exd5 15. Nd4 0-0 16. Qb3 b5 17. Qxd5 Rxc3 18. Rfc1 Qc7 19. Rd1 Rd8 20. Qe4 g6 21. Bg4 Rc4 22. Bxd7 Qxd7 23. Rac1 Ra4 24. Rd3 Qd6 25. Nf5 Qxd3 0-1